O clube das chaves e os animais desaparecidos (Registo nº 339)

Detalhes MARC
000 -Etiqueta do registo
Cabeçalho 00874nam0a2200265 4500
005 - Identificador da versão
Campo de controlo 20240821224627.0
010 ## - Número internacional normalizado dos livros (ISBN)
Número (ISBN) 9722218050
021 ## - Número do Depósito Legal
Código do país PT
Número 108 624/97
100 ## - Dados gerais de processamento
Dados gerais de processamento 20150814d1997 a e0pory5003 ba
101 0# - Língua de publicação
Língua do texto, banda sonora, etc. Português
102 ## - Pais de publicação ou produção
País de publicação Portugal
106 ## - Campo de dados codificados: material textual
Dados codificados do material textual r
200 1# - Titulo e menção de responsabilidade
Título próprio O clube das chaves e os animais desaparecidos
Primeira menção de responsabilidade Maria Teresa Maia Gonzalez, Maria do Rosário Pedreira
Outras menções de responsabilidade il. de Luís Anglin
210 ## - Publicação, Distribuição, etc. 
Lugar da edição, distribuição, etc. Lisboa
Nome do editor, distribuidor, etc. Editorial Verbo
Data da publicação, distribuição, etc. D. L. 1997
215 ## - Descrição física 
Indicação específica da natureza do documento e extensão da espécie 170, [6] p.
Outras indicações físicas il
225 2# - Colecção 
Título próprio da colecção O clube das chaves
Indicação de volume 19
606 ## - Nome comum usado como assunto
Número de registo de entrada de autoridade 0002112
Palavra de ordem Literatura portuguesa
Subdivisão de assunto Romances de aventuras
Código do sistema CA
675 ## - Classificação Decimal Universal (CDU)
Notação 821.134.3-311.3
Edição 3ª ed.
Língua da edição por
700 #1 - Nome de autor-pessoa física (responsabilidade principal)
Número de registo de entrada de autoridade 0002460
Palavra de ordem Gonzalez
Outra parte do nome não tomada para palavra de ordem Maria Teresa Maia
Elementos de identificação ou distinção e outro
Datas 1958-
701 #1 - Nome de autor-pessoa física (co-responsabilidade principal)
Palavra de ordem Pedreira
Outra parte do nome não tomada para palavra de ordem Maria do Rosário
Elementos de identificação ou distinção e outro
Datas 1959-
Código de função Autor / Co-autor
702 #1 - Nome de autor-pessoa física (responsabilidade secundária)
Número de registo de entrada de autoridade 0001740
Palavra de ordem Anglin
Outra parte do nome não tomada para palavra de ordem Luís
Código de função Ilustrador / Técnico de desenho computorizado
942 ## - Elementos de entrada adicionados (Koha)
Tipo de item no Koha Livro
966 ## - Identificação da Biblioteca
Sigla EB2,3ENM
Exemplares
Situação do levantamento Origin of item (home branch) (coded) Biblioteca de empréstimo Código de barras Cota Data de devolução Circulation type (not for loan) Tipo de documento Nota do exemplar Damaged status
  Biblioteca Escolar Eng. Nuno Mergulhão Biblioteca Escolar Eng. Nuno Mergulhão BENM345 82LP-3 GON     Livro Sem mensagem